| 000 | 01217nam a22002537a 4500 | ||
|---|---|---|---|
| 005 | 20170124103111.0 | ||
| 010 | _aA-808324 | ||
| 020 | _c53.00 | ||
| 035 | _aA-808324 | ||
| 037 | _bCen Lib/Ret | ||
| 040 |
_aDPL _bHN |
||
| 082 |
_a370.1 _bचिन्तन |
||
| 245 |
_aचिन्तन-अनुचिन्तन / _cसंपादक रवीन्द्र अग्निहोत्री |
||
| 246 |
_aChintan-anuchintan / _bsampadak Ravindra Agnihotri |
||
| 260 |
_aबीकानेर _bकलासन प्रकशन _c1995 |
||
| 270 |
_aकल्याणी भवन, मॉडर्न मार्किट _bबीकानेर |
||
| 300 |
_a166पृ. _c21सेमी (सजिल्द) |
||
| 650 |
_aचिन्तन-अनुचिंतन --शिक्षा की गुणवत्ता _979962 |
||
| 650 |
_aशिक्षक और समाज--मूल्यांकन _979963 |
||
| 650 |
_aThe quality of thought-Anucintn--Education _979964 |
||
| 650 |
_aTeachers and society--Evaluation _979965 |
||
| 700 |
_aअग्निहोत्री, रवीन्द्र _979966 |
||
| 942 |
_2ddc _cHN _h370.1 _mचिन्तन |
||
| 999 |
_c118401 _d118401 |
||